[Event "FIDE World Ch (w)"]
[Site "Moscow RUS"]
[Date "2001.11.30"]
[Round "2.2"]
[White "Foisor, Cristina"]
[Black "Mohota, Nisha"]
[Result "1-0"]
[WhiteElo "2423"]
[BlackElo "2236"]
[EventDate "2001.11.27"]
[PlyCount "83"]

1.c4 f5 2.Nc3 Nf6 3.g3 g6 4.Bg2 Bg7 5.d4 d6 6.d5 c6 7.Nh3 O-O 8.O-O h6 9.
Rb1 Qe8 10.b3 Na6 11.Bb2 Nc5 12.Nf4 g5 13.Nd3 Nce4 14.Nxe4 fxe4 15.dxc6 
bxc6 16.Nb4 Bf5 17.Nc2 Rd8 18.Ne3 Bc8 19.Qd4 e5 20.Qxa7 d5 21.cxd5 cxd5 
22.Rbc1 d4 23.Rc7 Rd7 24.Nc4 Rff7 25.Rxd7 Rxd7 26.Qb8 Ba6 27.Qxe8+ Nxe8 
28.Bxe4 Nf6 29.Bf5 Ra7 30.Nxe5 Bxe2 31.Rc1 Ne8 32.Bxd4 Rxa2 33.Rc8 Bb5 34.
Bg6 Re2 35.f4 Re1+ 36.Kg2 Re2+ 37.Bf2 Kf8 38.Bxe8 Bxe8 39.Kf1 Rb2 40.Bc5+ 
Kg8 41.Rxe8+ Kh7 42.b4 1-0

[Event "FIDE World Ch (w)"]
[Site "Moscow RUS"]
[Date "2001.12.03"]
[Round "4.1"]
[White "Xu Yuhua"]
[Black "Foisor, Cristina"]
[Result "1/2-1/2"]
[WhiteElo "2502"]
[BlackElo "2423"]
[EventDate "2001.11.27"]
[PlyCount "87"]

1.e4 c6 2.d4 g6 3.Nc3 d6 4.Be3 Qb6 5.a3 Bg7 6.h3 Nd7 7.Nf3 Qc7 8.Qd2 Ngf6 
9.Bd3 O-O 10.O-O-O b5 11.Bh6 a5 12.Ne2 b4 13.Bxg7 Kxg7 14.a4 c5 15.b3 cxd4
16.Nfxd4 Nc5 17.Qe3 e5 18.Nb5 Qc6 19.Kb2 Ba6 20.Ng3 h6 21.Rc1 Rab8 22.Rhd1
Rfd8 23.h4 Qb6 24.h5 Nxd3+ 25.Rxd3 Qxe3 26.Rxe3 Bxb5 27.axb5 Rxb5 28.hxg6 
fxg6 29.f3 Nd7 30.Rd3 Nc5 31.Rd5 a4 32.Rcd1 axb3 33.cxb3 Ra8 34.Ne2 Rba5 
35.Nc1 Nb7 36.Rxa5 Rxa5 37.Nd3 Rb5 38.Ra1 Nc5 39.Ra7+ Kf6 40.Nxc5 dxc5 41.
Ra6+ Kf7 42.Ra7+ Kf6 43.Ra6+ Kf7 44.Ra7+ 1/2-1/2

[Event "FIDE World Ch (w)"]
[Site "Moscow RUS"]
[Date "2001.12.05"]
[Round "4.2"]
[White "Foisor, Cristina"]
[Black "Xu Yuhua"]
[Result "1/2-1/2"]
[WhiteElo "2444"]
[BlackElo "2485"]
[EventDate "2001.11.27"]
[PlyCount "85"]

1.d4 Nf6 2.c4 e6 3.Nc3 Bb4 4.Qc2 c5 5.dxc5 O-O 6.Nf3 Bxc5 7.Bg5 Nc6 8.a3 
Be7 9.Rd1 h6 10.Bh4 d6 11.e4 Ne8 12.Bxe7 Qxe7 13.Be2 b6 14.O-O Bb7 15.Rd2 
Nf6 16.Re1 Rfd8 17.Bf1 Rac8 18.b4 Qc7 19.Qd1 Qb8 20.h3 Ne7 21.Re3 Ng6 22.
g3 Qa8 23.Qe1 d5 24.exd5 exd5 25.cxd5 Nxd5 26.Nxd5 Rxd5 27.Rxd5 Bxd5 28.
Nd4 Qb7 29.Re8+ Kh7 30.h4 Rxe8 31.Qxe8 Qe7 32.Qxe7 Nxe7 33.Bd3+ g6 34.h5 
Kg7 35.hxg6 fxg6 36.f4 a5 37.bxa5 bxa5 38.Kf2 Kf6 39.Ke3 g5 40.Ne2 Nf5+ 
41.Kf2 Nd6 42.Nc3 Bc6 43.Ke3 1/2-1/2

[Event "FIDE World Ch (w)"]
[Site "Moscow RUS"]
[Date "2001.12.05"]
[Round "4.3"]
[White "Foisor, Cristina"]
[Black "Xu Yuhua"]
[Result "1/2-1/2"]
[WhiteElo "2444"]
[BlackElo "2485"]
[EventDate "2001.11.27"]
[PlyCount "132"]

1.c4 c5 2.g3 Nc6 3.Bg2 g6 4.Nc3 Bg7 5.d3 e5 6.Nf3 d6 7.Nd2 Nge7 8.Nf1 Be6 
9.Ne3 O-O 10.a3 Qd7 11.Ned5 Bh3 12.O-O Bxg2 13.Kxg2 Nxd5 14.Nxd5 f5 15.e3 
h6 16.Rb1 Ne7 17.Qf3 Kh7 18.Nxe7 Qxe7 19.Qd5 Rad8 20.b4 b6 21.Bb2 Qf7 22.
f3 g5 23.Qxf7 Rxf7 24.e4 Rdf8 25.b5 Kg6 26.a4 h5 27.exf5+ Rxf5 28.g4 hxg4 
29.fxg4 Rf4 30.h3 e4 31.Rxf4 Rxf4 32.Bxg7 Kxg7 33.dxe4 Rxe4 34.Rc1 Kf6 35.
Rf1+ Ke6 36.Rf5 Rxc4 37.Rxg5 d5 38.h4 d4 39.Kf3 d3 40.Ke3 Rd4 41.Kd2 c4 
42.Rg6+ Ke5 43.Rc6 Rxg4 44.Kc3 Rxh4 45.Rc8 Re4 46.Rf8 Rf4 47.Rd8 Kf5 48.
Rd7 Ke6 49.Rd8 Re4 50.Rc8 Rd4 51.Kd2 Kd5 52.Kc3 Re4 53.Rd8+ Ke5 54.Rd7 Kf4
55.Rxa7 Ke3 56.Rd7 Ke2 57.Rd8 Re3 58.a5 bxa5 59.b6 Re7 60.Kxc4 d2 61.Kb5 
d1=Q 62.Rxd1 Kxd1 63.Kxa5 Kc2 64.Ka6 Kd3 65.b7 Re6+ 66.Ka7 Re7 1/2-1/2

[Event "FIDE World Ch (w)"]
[Site "Moscow RUS"]
[Date "2001.12.05"]
[Round "4.4"]
[White "Xu Yuhua"]
[Black "Foisor, Cristina"]
[Result "1/2-1/2"]
[WhiteElo "2485"]
[BlackElo "2444"]
[EventDate "2001.11.27"]
[PlyCount "102"]

1.e4 c6 2.d4 g6 3.Nc3 d6 4.Be3 Qb6 5.a3 Bg7 6.h3 Nd7 7.Nf3 Qc7 8.Qd2 a6 9.
Bd3 b5 10.a4 b4 11.Ne2 c5 12.b3 Bb7 13.Rd1 Ngf6 14.Ng3 h5 15.Bg5 cxd4 16.
Qxb4 Qc3+ 17.Qxc3 dxc3 18.O-O Nc5 19.Rfe1 Ne6 20.Bc4 Nxg5 21.Nxg5 O-O 22.
Re3 h4 23.Ne2 Bh6 24.f4 Bxg5 25.fxg5 Nxe4 26.Nxc3 Nxc3 27.Rxc3 Rac8 28.Re3
Rfe8 29.Rd4 Rc5 30.Rxh4 Rxg5 31.Bf1 a5 32.Rc4 Ba6 33.Rc6 Bxf1 34.Kxf1 Kf8 
35.Rc7 Rd5 36.Ke1 e5 37.c4 Rc5 38.Rd7 Rc6 39.Rd3 Rb8 40.Ra7 Rc5 41.g4 e4 
42.Rxd6 Rxb3 43.Rf6 Re3+ 44.Kd2 Rd3+ 45.Ke2 Rxc4 46.Rfxf7+ Kg8 47.Rg7+ Kf8
48.Rgf7+ Kg8 49.Rg7+ Kh8 50.Rh7+ Kg8 51.Rag7+ Kf8 1/2-1/2

[Event "FIDE World Ch (w)"]
[Site "Moscow RUS"]
[Date "2001.12.05"]
[Round "4.5"]
[White "Xu Yuhua"]
[Black "Foisor, Cristina"]
[Result "1-0"]
[WhiteElo "2485"]
[BlackElo "2444"]
[EventDate "2001.11.27"]
[PlyCount "83"]

1.e4 c6 2.d4 g6 3.Nc3 d6 4.Be3 Qb6 5.a3 Bg7 6.h3 Nd7 7.Nf3 Qc7 8.Bd3 a6 9.
O-O Ngf6 10.Re1 e5 11.Qd2 O-O 12.dxe5 dxe5 13.a4 b6 14.Bc4 Bb7 15.Rad1 b5 
16.axb5 axb5 17.Bd3 b4 18.Ne2 c5 19.b3 Rfd8 20.Ng3 Nf8 21.Qc1 Ne6 22.c3 
Nf4 23.Bc4 Rxd1 24.Rxd1 Nxe4 25.Nxe4 Bxe4 26.Ng5 Bb7 27.Nxf7 Rf8 28.Bxf4 
Rxf7 29.Bg5 h5 30.cxb4 Kh7 31.Bxf7 Qxf7 32.bxc5 Qxb3 33.Rd6 Qb4 34.Rb6 Qe4
35.f3 Qd5 36.c6 Bc8 37.Rb8 Qe6 38.Be3 e4 39.f4 Bf8 40.c7 Bd6 41.Rb6 Qe7 
42.Qc6 1-0

[Event "FIDE World Ch (w)"]
[Site "Moscow RUS"]
[Date "2001.12.05"]
[Round "4.6"]
[White "Foisor, Cristina"]
[Black "Xu Yuhua"]
[Result "0-1"]
[WhiteElo "2444"]
[BlackElo "2485"]
[EventDate "2001.11.27"]
[PlyCount "136"]

1.Nf3 c5 2.g3 Nc6 3.Bg2 g6 4.O-O Bg7 5.d3 e5 6.c3 Nge7 7.a3 a5 8.a4 O-O 9.
Na3 d5 10.e4 d4 11.cxd4 cxd4 12.Nb5 Nb4 13.Ne1 Bd7 14.Bd2 Nec6 15.f4 exf4 
16.gxf4 Qh4 17.Ra3 Rad8 18.Qf3 Bg4 19.Qg3 Qxg3 20.hxg3 h5 21.e5 Be6 22.Bf3
Bd5 23.Bd1 Rfe8 24.Nf3 Be6 25.Ng5 Bd5 26.Bb3 Bxb3 27.Rxb3 f6 28.exf6 Bxf6 
29.Ne4 Bg7 30.Re1 Re7 31.Kf2 Rde8 32.Kf3 Rf8 33.Rc1 Ne5+ 34.Ke2 Nexd3 35.
Rxd3 Rxe4+ 36.Kf3 Nxd3 37.Kxe4 Nxc1 38.Bxc1 Rc8 39.Bd2 b6 40.Kd3 Rd8 41.
Na3 Bf8 42.Nc4 Bc5 43.Ne5 Kg7 44.b3 Rh8 45.Be1 Rf8 46.Nf3 Re8 47.Bf2 Kf6 
48.Ng5 Kf5 49.Nf3 Kf6 50.Ng5 Kf5 51.Nf3 Kf6 52.Nxd4 g5 53.fxg5+ Kxg5 54.
Kc4 Kg4 55.Kd3 Rd8 56.Ke4 Bxd4 57.Bxd4 Rxd4+ 58.Kxd4 Kxg3 59.Kc4 h4 60.Kb5
h3 61.Kxb6 h2 62.Kxa5 h1=Q 63.b4 Qa8+ 64.Kb5 Kf4 65.a5 Ke5 66.Kb6 Kd6 67.
a6 Qb8+ 68.Ka5 Ke5 0-1